| 000 | 00724cam a2200229 a 4500 | ||
|---|---|---|---|
| 001 | 000018425 | ||
| 005 | 20200929165514.0 | ||
| 008 | 930426s1990 cu 000 0 spa d | ||
| 040 |
_aDO-SdBNP _bspa _cLC _dBNPHU |
||
| 082 |
_aCu864.44 _bC336d |
||
| 100 | 1 |
_aCasaus, Víctor, _d1944- _939780 |
|
| 245 | 1 | 0 |
_aDefensa del testimonio / _cVíctor Casaus. |
| 260 |
_aLa Habana : _bLetras Cubanas, _c1990. |
||
| 300 |
_a314 p. ; _c18 cm. |
||
| 490 | 1 | _aGiraldilla | |
| 650 | 4 |
_aEnsayos cubanos _95691 |
|
| 650 | 4 |
_aAutores cubanos _xEnsayos, conferencias, etc. _939888 |
|
| 650 | 4 |
_aLiteratura hispanoamericana _xHistoria y crítica _96273 |
|
| 830 | 0 |
_aGiraldilla _98904 |
|
| 910 | _aCatalogación derivada / LC | ||
| 049 | _aBNGR | ||
| 999 |
_c17946 _d17946 |
||